| 000 | 00384nam a2200145Ia 4500 | ||
|---|---|---|---|
| 005 | 20251222152713.0 | ||
| 008 | 251222s9999||||xx |||||||||||||| ||spa|| | ||
| 020 | _a9786124597466 | ||
| 082 | _a343.8/H51 | ||
| 100 | _aHirache Flores, Luz | ||
| 245 | 0 | _aPromoción al Exportador Saldo a Favor del IGV-Drawback | |
| 250 | _a1ra.ed. | ||
| 264 | _bPacifico Editores S.A. | ||
| 942 | _cLIB | ||
| 999 |
_c29271 _d29271 |
||